Music Quiz

Random Music or Billboard Quiz

Billboard Hot 100 of 2015 Quiz Stats

Quiz Updated Dec 19, 2015

Challenge
Share
Tweet
Embed
Score 0/100 Timer 10:00
15 Plays Today
# Artist % Correct
15Taylor Swift ft. Kendrick Lamar
96.1%
7Taylor Swift
96.1%
18Taylor Swift
96.1%
29Taylor Swift
96.1%
57Taylor Swift
96.1%
1Mark Ronson ft. Bruno Mars
94.9%
56Ariana Grande & The Weeknd
88.1%
51Nicki Minaj ft. Drake, Lil Wayne & Chris Brown
87.9%
66Nicki Minaj ft. Drake & Lil Wayne
87.6%
75Charlie Puth ft. Meghan Trainor
87.1%
35Adele
86.5%
76Meghan Trainor ft. John Legend
85.6%
22Meghan Trainor
85.3%
28Meghan Trainor
85.3%
74Meghan Trainor
85.3%
42Rihanna & Kanye West & Paul McCartney
85%
9The Weeknd
84%
10The Weeknd
84%
12The Weeknd
84%
88Big Sean ft. Drake
83.5%
2Ed Sheeran
83.2%
34Ed Sheeran
83.2%
92Ed Sheeran
83.2%
82I LOVE MAKONNEN ft. Drake
83%
30Drake
83%
99Drake
83%
48Rihanna
82.7%
19Skrillex & Diplo With Justin Bieber
81.8%
33Justin Bieber
81.4%
80Jessie J, Ariana Grande & Nicki Minaj
81.4%
5Maroon 5
80.3%
46Maroon 5
80.3%
52Sia
76.8%
90Sia
76.8%
# Artist % Correct
26Sam Smith
71.7%
58Sam Smith
71.7%
81Sam Smith
71.7%
3Wiz Khalifa ft. Charlie Puth
71.6%
31David Guetta ft. Nicki Minaj, Bebe Rexha & Afrojack
70.6%
69Meek Mill ft. Chris Brown & Nicki Minaj
70.3%
13Ellie Goulding
69.9%
14Hozier
66.7%
21Fetty Wap ft. Remy Boyz
63.5%
44Fetty Wap ft. Monty
63.5%
4Fetty Wap
63.5%
27Selena Gomez ft. A$AP Rocky
62.5%
62Selena Gomez
62.3%
38Nick Jonas
61.4%
68Nick Jonas
61.4%
65One Direction
60.9%
98One Direction
60.9%
67Ariana Grande
60.7%
60Fall Out Boy
60.6%
43Fall Out Boy
60.2%
11OMI
59.6%
53Demi Lovato
58.1%
37Tove Lo
56.9%
77Tove Lo
56.9%
36Shawn Mendes
56.1%
6WALK THE MOON
53.2%
61Beyoncé
51.7%
24Omarion ft. Chris Brown & Jhene Aiko
50.7%
16Major Lazer & DJ Snake ft. M0
48.2%
23Fifth Harmony ft. Kid Ink
48.1%
17Jason Derulo
47.1%
8Silentó
46.2%
86Chris Brown & Tyga
46.2%
32Flo Rida ft. Sage The Gemini & Lookas
42.2%
# Artist % Correct
25Andy Grammer
40.1%
47Big Sean ft. E-40
39.7%
84Macklemore & Ryan Lewis ft. Eric Nally, Melle Mel, Kool Moe Dee & Grandmaster Caz
38.8%
20Rachel Platten
38.6%
91Kelly Clarkson
38.1%
100Calvin Harris & Disciples
36.9%
73Elle King
36.2%
71Vance Joy
35.1%
40R. City ft. Adam Levine
34.9%
78James Newton Howard ft. Jennifer Lawrence
34.3%
39Pitbull & Ne-Yo
33.6%
89George Ezra
32.6%
55Usher ft. Juicy J
26.5%
54X Ambassadors
24.8%
45Sam Hunt
22.5%
85Sam Hunt
22.5%
93Ella Henderson
22.3%
97Ne-Yo ft. Juicy J
21.9%
63Little Big Town
21.8%
59DJ Snake & AlunaGeorge
20.6%
94Alessia Cara
18.8%
87Luke Bryan
16.5%
70Rae Sremmurd
15.3%
49Rich Homie Quan
14.9%
96Nicky Jam & Enrique Iglesias
14.5%
64Trey Songz
13.7%
41Natalie La Rose ft. Jeremih
12.9%
50T-Wayne
12.7%
95Mr. Probz
12.7%
72Jidenna ft. Roman GianArthur
10.3%
83iLoveMemphis
9.5%
79O.T. Genasis
7.3%

You're not logged in!

Compare scores with friends on all Sporcle quizzes.
Sign Up with Email
OR
Log In

You Might Also Like...

Show Comments

Extras

Top Quizzes Today


Score Distribution

Your Account Isn't Verified!

In order to create a playlist on Sporcle, you need to verify the email address you used during registration. Go to your Sporcle Settings to finish the process.